L’eugénisme en France avant 1939 (notice n° 1655710)

détails MARC
000 -LEADER
fixed length control field 01104cam a2200157 4500500
005 - DATE AND TIME OF LATEST TRANSACTION
control field 20260208010236.0
041 ## - LANGUAGE CODE
Language code of text/sound track or separate title fre
042 ## - AUTHENTICATION CODE
Authentication code dc
100 10 - MAIN ENTRY--PERSONAL NAME
Personal name Terrenoire, Gwen
Relator term author
245 00 - TITLE STATEMENT
Title L’eugénisme en France avant 1939
260 ## - PUBLICATION, DISTRIBUTION, ETC.
Date of publication, distribution, etc. 2005.<br/>
500 ## - GENERAL NOTE
General note 65
520 ## - SUMMARY, ETC.
Summary, etc. Even though French eugenics did not result in laws to control immigration and authorize sterilization on biological criteria, research shows that eugenics were just as abundant in France as elsewhere during the first half of the 20th century. This paper proposes to draw on these sources to focus on three themes : first, the eugenics movement in France, its organization and action, second, eugenic ideas and proposals elaborated to counter the supposed degeneration of the French population, and finally the relationship between these ideas and professional practice in medicine, psychiatry and social hygiene.
786 0# - DATA SOURCE ENTRY
Note Revue d’Histoire de la Shoah | 183 | 2 | 2005-10-19 | p. 49-67 | 2111-885X
856 41 - ELECTRONIC LOCATION AND ACCESS
Uniform Resource Identifier <a href="https://shs.cairn.info/revue-d-histoire-de-la-shoah-2005-2-page-49?lang=fr&redirect-ssocas=7080">https://shs.cairn.info/revue-d-histoire-de-la-shoah-2005-2-page-49?lang=fr&redirect-ssocas=7080</a>

Pas d'exemplaire disponible.

PLUDOC

PLUDOC est la plateforme unique et centralisée de gestion des bibliothèques physiques et numériques de Guinée administré par le CEDUST. Elle est la plus grande base de données de ressources documentaires pour les Étudiants, Enseignants chercheurs et Chercheurs de Guinée.

Adresse

627 919 101/664 919 101

25 boulevard du commerce
Kaloum, Conakry, Guinée

Réseaux sociaux

Powered by Netsen Group @ 2025